000 01516nam0a2200349 4500
001 RU\NLR\bibl\739728
005 20250614002554.0
010 _a5-202-00719-1
_9500
021 _aRU
_b2004-76464
_93770
035 _a(NLR Aleph) 000729621
090 _a754313
_c754313
100 _a20050324d2004 |||y0rusy50 ca
101 0 _arus
102 _aRU
105 _aa |||||||||
200 1 _aТопливно-энергетический комплекс региона: проблемы и тенденции
_eна примере Кемеровской области
_fА.Ю. Микельсон, И.В. Ольницкий, С.С. Русляков
210 _aКемерово
_cКузбассвузиздат
_d2004
215 _a194, [1] с.
_cил.
_d21
320 _aБиблиогр.: с. 186-195 (153 назв.) и в подстроч. примеч.
606 0 _aТопливно-энергетические комплексы
_yКемеровская область
_92369569
_3RU\NLR\auth\661414428
686 _aУ30(2)57-434(2Р-4Ке)
700 1 _aМикельсон
_bА. Ю.
_gАлександр Юльевич
_4070
701 1 _aОльницкий
_bИ. В.
_gИгорь Вадимович
_4070
701 1 _aРусляков
_bС. С.
_gСергей Станиславович
_4070
801 0 _aRU
_bNLR
_c20050324
_gPSBO
801 1 _aRU
_bNLR
_c20050324
830 _aАвт. по кн.
942 _cBOOK
980 _aNB
980 _aNBR